| 000 | 01157 a2200289 4500 | ||
|---|---|---|---|
| 003 | OSt | ||
| 005 | 20180116192343.0 | ||
| 008 | 120530t xxu||||| |||| 00| 0 eng d | ||
| 010 | _a 74022874 | ||
| 020 | _a0195019199 : | ||
| 022 | _a9780195019193 | ||
| 040 | _c0 | ||
| 082 | 0 | 0 | _a720.1 |
| 100 | 1 |
_aAlexander, Christopher. _92739 |
|
| 245 | 1 | 2 |
_aA pattern language : _btown,buildings, construction s, / _cChristopher Alexander, Sara Ishikawa, Murray Silverstein, with Max Jacobson, Ingrid Fiksdahl-King, Shlomo Angel. |
| 260 |
_aNew York : _bOxford University Press, _c1977. |
||
| 300 |
_axliv, 1171 p. : _bill. ; _c21 cm. |
||
| 500 | _aCompanion volume to The timeless way of building and The Oregon experiment. | ||
| 650 | 0 |
_aSymbolism in architecture. _92740 |
|
| 650 | 0 |
_aBuildings _xContracts and specifications. _92741 |
|
| 650 | 0 |
_a City attorneys _92742 |
|
| 700 | 1 |
_aIshikawa, Sara, _92743 |
|
| 700 | 1 |
_aSilverstein, Murray, _92744 |
|
| 856 | 4 | 2 |
_3Publisher description _uhttp://www.loc.gov/catdir/enhancements/fy0603/74022874-d.html |
| 942 |
_aSADA _cBK _k720.1 ALE 1977 _2ddc |
||
| 999 |
_c352727 _d352727 |
||